Premier League Goalscorers 2024/25: Gameweek 7 - Statistics

General Stats
  • This quiz has been taken 64 times
  • The average score is 24 of 31
Answer Stats
Fixture Club Score Goalscorer % Correct
Arsenal v Southampton Arsenal 3-1 Bukayo Saka
94%
Crystal Palace v Liverpool Liverpool 1-0 Diego Jota
91%
Brentford v Wolves Brentford 2-1 Bryan Mbuemo
89%
Arsenal v Southampton Arsenal 2-1 Gabriel Martinelli
89%
Arsenal v Southampton Arsenal 1-1 Kai Havertz
89%
Chelsea v Nottingham Forest Nottingham Forest 1-0 Chris Wood
87%
West Ham v Ipswich Ipswich 1-1 Liam Delap
87%
Brighton v Tottenham Brighton 3-2 Danny Welbeck
85%
West Ham v Ipswich West Ham 3-1 Jarrod Bowen
85%
Brighton v Tottenham Tottenham 1-0 Brennan Johnson
83%
Brentford v Wolves Wolves 1-1 Matheus Cunha
83%
Chelsea v Nottingham Forest Chelsea 1-1 Noni Madueke
83%
Brighton v Tottenham Tottenham 2-0 James Maddison
81%
West Ham v Ipswich West Ham 1-0 Michail Antonio
81%
Manchester City v Fulham Manchester City 1-1 Mateo Kovacic
79%
Manchester City v Fulham Manchester City 2-1 Mateo Kovacic
79%
Brentford v Wolves Brentford 3-2 Christian Norgaard
77%
Manchester City v Fulham Manchester City 3-1 Jeremy Doku
77%
West Ham v Ipswich West Ham 4-1 Lucas Paqueta
77%
Manchester City v Fulham Fulham 1-0 Andreas Pereira
74%
Brighton v Tottenham Brighton 2-2 Georginio Rutter
74%
West Ham v Ipswich West Ham 2-1 Mohammed Kudus
74%
Brentford v Wolves Brentford 1-0 Nathan Collins
74%
Manchester City v Fulham Fulham 3-2 Rodrigo Muniz
74%
Leicester v Bournemouth Leicester 1-0 Facundo Buonanotte
72%
Brentford v Wolves Brentford 4-2 Ethan Pinnock
70%
Brentford v Wolves Wolves 5-3 Rayan Ait-Nouri
70%
Brighton v Tottenham Brighton 2-1 Yankuba Minteh
70%
Brentford v Wolves Wolves 2-2 Jorgen Strand Larsen
68%
Arsenal v Southampton Southampton 1-0 Cameron Archer
62%
Brentford v Wolves Brentford 5-2 Fabio Carvalho
58%
No matching quizzes found
Score Distribution
Percent of People with Each Score
Percentile by Number Answered
Your Score History
You have not taken this quiz